zpět

Detail výsledku týmu

Únětická sokolovna, Únětice

Datum a čas kvízu

25 Celkem bodů Celkový počet nahraných bodů na tomto kvízu bez doplňovacích otázek.
5. Pořadí na kvízu Konečné umístění týmu na tomto kvízu.

Zaznamenané odpovědi

# Otázka Odpověď Body Výsledky
1. V pondělí byly vyhlášeny výsle... motýle 0
2. Slovenská prezidentka Zuzana Č... Milada Horáková 0
3. Nejvíce nominací na Ceny filmo... Staříci, Vlastníci 0.5
4. Bývalý šéf jisté japonské auto... Nissan 1
5. Minulý týden se ve Švýcarsku k... Spenglerův pohár, Davos 0.5
6. 1. ledna došlo k růstu minimál... 14 600 Kč (uznáváme 14 100–15 100) 0
7. Na úterý 3. listopadu jsou nap... New Hampshire 1
8. Nový čínský rok začíná 25. led... kryse 1
9. Nejbezpečnějšími aerolinkami p... Qantas 1
10. V červenci a srpnu se v Japons... D 1